Statistiken für Augen deutscher Bekanntheiten

Klicken Sie hier um das Quiz zu spielen!

Allgemein

  • Dieses Quiz wurde 1.137 mal gespielt
  • Das Durchschnittsergebnis liegt bei 10 aus 20

Antwortstatistiken

Antwort% Korrekt
Heidi Klum
93%
Barbara Schöneberger
82%
Elton
81%
Oliver Pocher
67%
Bill Kaulitz
65%
Matthias Schweighöfer
64%
Michael Schumacher
62%
HP Baxxter
57%
Lena
50%
Klaas Heufer-Umlauf
47%
Simon Desue
46%
Michael Wendler
40%
Thomas Müller
37%
Bianca Claßen
35%
Günther Jauch
35%
Toni Kroos
29%
Vanessa Mai
23%
Moritz Bleibtreu
22%
Pamela Reif
21%
Shirin David
19%

Verteilung der Resultate

Perzentil nach korrekt beantworteten Fragen

Anzahl Personen mit jedem Resultat

Ihre Resultats-Entwicklung

Sie haben dieses Quiz noch nicht gespielt